000 00533nam a2200193Ia 4500
005 20250508150843.0
008 008 250505s9999 xx 000 0 eng d
037 _aTextual
040 _aFEDL
_beng
_cFEDL
041 _aeng
_2eng
084 _a428, HIM
_qFEDL
100 _aHimes Catherine A
_9757823
245 0 _aLaboratory course in reading and writing
250 _a2nd
260 _aNew York, USA
_bAppleton-Century-Crofts
_c1951
300 _a418p.
942 _cTEXL
_h428, HIM
999 _c1326115
_d1326115